| 000 | 00841nam a22002297a 4500 | ||
|---|---|---|---|
| 999 |
_c21421 _d21421 |
||
| 003 | AR-CdUCM | ||
| 008 | 190319b ||||| |||| 00| 0 spa d | ||
| 020 | _a9786123171230 | ||
| 040 |
_aMUNICIPALIDAD PROVINCIAL DEL CUSCO _cBIBLIOTECA MUNICIPAL DEL CUSCO |
||
| 082 |
_a657.01/T20 _bT20 |
||
| 100 |
_aTanaka Nakasone, Gustavo _944698 |
||
| 245 | _aContabilidad y análisis financiero un enfoque para el Perú / | ||
| 260 |
_aLima ; _bPontificia Universidad Católica del Perú, _c2015. |
||
| 300 |
_a431 Páginas. : _c24 cm. |
||
| 505 | _aContenido: Conceptos básicos de contabilidad -- Marco regulatorio en las empresa en el Perú ... | ||
| 650 |
_aContabilidad financiera _919894 |
||
| 650 |
_aEstados financieros _99997 |
||
| 650 |
_aAnálisis financiero _944699 |
||
| 650 |
_aPerú _944700 |
||
| 942 |
_2ddc _cLIBROS |
||
| 945 | _aRoel | ||